|
|
|
|
| LEADER |
01104nam a22002777i 4500 |
| 001 |
001816197 |
| 003 |
CZ BrMZK |
| 005 |
20220223134614.0 |
| 007 |
ta |
| 008 |
220223s1948 xr er|||||||||||cze d |
| 015 |
|
|
|a cnb000672340
|
| 035 |
|
|
|a (OCoLC)85428398
|
| 040 |
|
|
|a ABA001
|b cze
|c PNA001
|d ABA001
|d BOA001
|e rda
|
| 100 |
1 |
|
|a Vihan, Karel,
|d 1894-1969
|7 jk01142315
|4 aut
|
| 245 |
1 |
0 |
|a Skladní účetnictví :
|b jednoměsíční příklad účtování : (učebná pomůcka pro obchodní učiliště) /
|c Karel Vihan
|
| 246 |
3 |
0 |
|a Jednoměsíční příklad účtování
|
| 264 |
|
1 |
|a V Praze :
|b Státní nakladatelství,
|c 1948
|
| 300 |
|
|
|a 20 stran ;
|c 15 x 21 cm +
|e 24 nečíslovaných listů příloh (Jednoměsíční příklad skladního účetnictví)
|
| 336 |
|
|
|a text
|b txt
|2 rdacontent
|
| 337 |
|
|
|a bez média
|b n
|2 rdamedia
|
| 338 |
|
|
|a svazek
|b nc
|2 rdacarrier
|
| 740 |
0 |
2 |
|a Jednoměsíční příklad skladního účetnictví
|
| 910 |
|
|
|a BOA001
|b X-0212.177
|
| 990 |
|
|
|a BK
|
| 991 |
|
|
|b 202202
|
| 996 |
6 |
|
|b 2618725596
|c X-0212.177
|l MZK
|r Sklad / do 24 hodin
|n 0
|w 001880332
|u 000010
|a 1
|e BOA001
|j MZK50
|s P
|